| 000 | 00332nam a22001457a 4500 | ||
|---|---|---|---|
| 020 | _qPB. | ||
| 040 | _cFIZZA ISHAQ | ||
| 082 |
_a690 _bROX |
||
| 100 |
_aMILLER, ROX. _989430 |
||
| 245 |
_aCOMPLETE BUILDING / _cROX MILLER. |
||
| 250 | _a5th ED. | ||
| 260 |
_aCANADA ; _bWILLY SON, _c2004. |
||
| 300 | _a614 P. ; | ||
| 942 |
_2ddc _cBK |
||
| 999 |
_c588167 _d588167 |
||